000 00802nam a2200277Ia 4500
001 Para_2246
003 CHAP
008 220125s1987 xx 000 0 und d
010 _a200829
040 _cCHAP
082 _aPA 634.96 S5
100 _aSinclair, Wayne A.
_9106554
245 _aDiseases of tress and shrubs /
_c by Wayne A. Sinclair, Howard H. Lyon, Warren T. Johnson
260 _aIthaca, N.Y. :
_b Cornell University
300 _a575 p.
650 _aArboles
_x enfermedades
_982436
650 _aControl de plagas
_927595
700 _aLyon, Howard H. / Johnson, Warren T.
_9165680
901 _aPA 634.96 S5
902 _aA
905 _a0000001987 a 0000000000 00
910 _a1987
942 _cPARA
942 _cPARA
_d1
999 _c200829
_d200829